| 000 | 00958nam a22002417a 4500 | ||
|---|---|---|---|
| 003 | OSt | ||
| 005 | 20200917140058.0 | ||
| 008 | 200917s1996 ck a|||br|||| 00| 0 spa d | ||
| 020 | _a9584206214 | ||
| 040 |
_aCO-JMCR _cCO-JMCR |
||
| 041 | 1 |
_aspa _heng |
|
| 082 | 0 | 4 |
_a423 / _bD612m _223 |
| 110 | 1 |
_aDisney Enterprises, Inc. _910375 |
|
| 245 | 1 |
_aMagic english / _cDisney Enterprise |
|
| 260 |
_aBogotá : _bPlaneta, _c1996. |
||
| 300 |
_a158 páginas : _bilustraciones a color ; _c29 cm. |
||
| 505 | 0 | _aChanging seasons = Estaciones del año -- Fairyland = Mundo mágico -- The city = La ciudad -- Wild west = Oeste salvaje -- Everyday life = Vida cotidiana -- Big and small = Pequeño y grande -- Faraway places = Sitios lejanos -- Villains = Los malos | |
| 546 | _aTexto en Español e ingles. | ||
| 650 | 2 | 4 |
_aInglés _910378 |
| 650 | 2 | 4 |
_aAprendizaje de inglés para niños _910366 |
| 650 | 2 | 4 |
_aCurso de ingles para niños _910377 |
| 942 |
_2ddc _cBK |
||
| 999 |
_c6857 _d6857 |
||